Statystyki dla Hobbit- krasnoludy z kompani Thorina

Kliknij tutaj aby rozwiązać quiz!

Ogólne statystyki

  • Ten quiz został rozwiązany 595 razy
  • Średni wynik to 10 z 13

Statystyki odpowiedzi

Krasnoludy% Poprawnych
Thorin Dębowa Tarcza
94%
Kili
92%
Fili
91%
Bombur
85%
Balin
81%
Dwalin
78%
Bifur
75%
Bofur
75%
Gloin
72%
Ori
67%
Oin
65%
Nori
64%
Dori
57%

Rozkład punktacji

Percentyl według liczby udzielonych odpowiedzi

Procent ludzi z każdym wynikiem

Twoja historia wyników

Nie rozwiązałeś tego quizu